[Event "19th EUR-ch"]
[Site "Batumi GEO"]
[Date "2018.03.20"]
[Round "4.111"]
[White "Kubicka, Anna"]
[Black "Sousa, Andre Ventura"]
[Result "1/2-1/2"]
[WhiteElo "2235"]
[BlackElo "2417"]
[EventDate "2018.03.17"]
[PlyCount "69"]

1.d4 d5 2.c4 e6 3.Nc3 Bb4 4.cxd5 exd5 5.Bf4 c6 6.e3 Ne7 7.Bd3 Ng6 8.Bg3 
Nd7 9.Ne2 h5 10.h3 h4 11.Bh2 Nb6 12.O-O Be6 13.Qc2 O-O 14.Bxg6 fxg6 15.Nf4
Rf6 16.Nxe6 Rxe6 17.Ne2 g5 18.Nc1 Bd6 19.Bxd6 Qxd6 20.Nd3 Nd7 21.Rae1 Rae8
22.Qd2 Rg6 23.f3 Rge6 24.Rf2 R6e7 25.Rfe2 b6 26.Nf2 c5 27.dxc5 Qxc5 28.Rc1
Qd6 29.e4 Nf6 30.Rce1 Qe5 31.Nd3 Qd4+ 32.Nf2 Qe5 33.Nd3 Qd4+ 34.Nf2 Qxd2 
35.Rxd2 1/2-1/2

[Event "19th EUR-ch"]
[Site "Batumi GEO"]
[Date "2018.03.20"]
[Round "4.112"]
[White "Berchtenbreiter, Maximilian"]
[Black "Yuksel, Atilla Koksal"]
[Result "1/2-1/2"]
[WhiteElo "2414"]
[BlackElo "2237"]
[EventDate "2018.03.17"]
[PlyCount "73"]

1.c4 b6 2.b3 Bb7 3.Bb2 e6 4.Nf3 f5 5.g3 Nf6 6.Bg2 g6 7.d3 Bg7 8.Nbd2 O-O 
9.O-O Qe7 10.Qc2 d6 11.b4 Nbd7 12.a4 a5 13.bxa5 Rxa5 14.Nb3 Ra7 15.a5 Rfa8
16.Nfd4 Bxg2 17.Kxg2 Ra6 18.Nb5 Ne8 19.axb6 Rxa1 20.Rxa1 Rxa1 21.Bxa1 Nxb6
22.Bxg7 Kxg7 23.c5 Nd5 24.e4 fxe4 25.dxe4 Ndf6 26.h4 e5 27.c6 Qe6 28.Nd2 
d5 29.f3 Kf7 30.Qc5 Qe7 31.Nb3 dxe4 32.fxe4 Nxe4 33.Qd5+ Qe6 34.Qd7+ Qe7 
35.Qd5+ Qe6 36.Qd7+ Qe7 37.Qd5+ 1/2-1/2

[Event "19th EUR-ch"]
[Site "Batumi GEO"]
[Date "2018.03.20"]
[Round "4.113"]
[White "Abdulov, Orkhan"]
[Black "Stukan, Martin"]
[Result "1-0"]
[WhiteElo "2412"]
[BlackElo "2210"]
[EventDate "2018.03.17"]
[PlyCount "79"]

1.c4 e5 2.Nc3 Nf6 3.g3 d5 4.cxd5 Nxd5 5.Bg2 Nb6 6.Nf3 Nc6 7.O-O Be7 8.b3 
O-O 9.Bb2 Be6 10.Rc1 f5 11.d3 a6 12.Nd2 Bg5 13.Rb1 Qe8 14.Nc4 Rd8 15.Bxc6 
Qxc6 16.Nxe5 Qc5 17.Nf3 Bh6 18.d4 Qe7 19.e3 c5 20.Ba3 Nd7 21.dxc5 Nxc5 22.
Nd4 b6 23.Qf3 f4 24.Nxe6 Qxe6 25.Bxc5 bxc5 26.exf4 g5 27.Qe4 Qxe4 28.Nxe4 
gxf4 29.Nxc5 Rd2 30.Nxa6 fxg3 31.hxg3 Ra8 32.Nc5 Raxa2 33.Ne4 Rdc2 34.Rfe1
Bg7 35.Rbd1 Rcb2 36.Rd8+ Kf7 37.Rd7+ Kg6 38.Re3 Ra3 39.Nc5 Bf8 40.Re6+ 1-0

[Event "19th EUR-ch"]
[Site "Batumi GEO"]
[Date "2018.03.20"]
[Round "4.114"]
[White "Sargsian, Anna M."]
[Black "Korchmar, Vasiliy"]
[Result "1/2-1/2"]
[WhiteElo "2188"]
[BlackElo "2411"]
[EventDate "2018.03.17"]
[PlyCount "99"]

1.d4 Nf6 2.c4 e6 3.Nf3 d5 4.Nc3 Bb4 5.Bg5 dxc4 6.e4 h6 7.Bxf6 Qxf6 8.Bxc4 
c5 9.O-O O-O 10.Nb5 a6 11.Nd6 cxd4 12.e5 Qf4 13.g3 Qg4 14.Nxc8 Rxc8 15.Bd3
Nd7 16.a3 Be7 17.b4 a5 18.Re1 f5 19.exf6 Nxf6 20.Nxd4 axb4 21.a4 Qxd1 22.
Raxd1 Rxa4 23.Nxe6 b3 24.Rb1 Rc3 25.Bg6 Ra2 26.Rec1 Nd5 27.Rxc3 Nxc3 28.
Rxb3 Ra6 29.Nf4 Ne2+ 30.Nxe2 Rxg6 31.Rxb7 Bc5 32.Kg2 Rd6 33.Nc3 Rd4 34.h4 
Rc4 35.Ne2 Rc2 36.Kf3 Bd6 37.h5 Rc7 38.Rb5 Rc5 39.Rb6 Be5 40.g4 Kf7 41.Ke4
Ra5 42.f4 Bf6 43.Rb4 Ra3 44.Rb5 Ke6 45.g5 hxg5 46.fxg5 Ra4+ 47.Kd3 Be5 48.
Ng1 Ra3+ 49.Ke2 Ra2+ 50.Kd3 1/2-1/2

[Event "19th EUR-ch"]
[Site "Batumi GEO"]
[Date "2018.03.20"]
[Round "4.115"]
[White "Schekachikhin, Maksim"]
[Black "Sahin, Ozgun"]
[Result "1-0"]
[WhiteElo "2406"]
[BlackElo "2201"]
[EventDate "2018.03.17"]
[PlyCount "75"]

1.d4 g6 2.c4 Bg7 3.Nf3 f5 4.Nc3 Nf6 5.Bf4 O-O 6.e3 d6 7.h3 c6 8.Be2 Qe8 9.
b4 Ne4 10.Rc1 a5 11.b5 e5 12.Bh2 Nxc3 13.Rxc3 e4 14.Nd2 c5 15.Bxd6 cxd4 
16.exd4 Bxd4 17.Bxf8 Bxc3 18.Bh6 Be6 19.Qc2 Bf6 20.Be3 Nd7 21.O-O Rc8 22.
Nb3 b6 23.Nd4 Bf7 24.Nc6 Ne5 25.Rb1 Nxc6 26.bxc6 Rxc6 27.Bxb6 Qc8 28.Bxa5 
Bxc4 29.Bxc4+ Rxc4 30.Qd2 Bd4 31.Qf4 e3 32.Rb8 exf2+ 33.Kf1 Qxb8 34.Qxb8+ 
Kg7 35.Qb7+ Kh8 36.Bd2 Rc2 37.Qb4 Bc5 38.Bc3+ 1-0

[Event "19th EUR-ch"]
[Site "Batumi GEO"]
[Date "2018.03.20"]
[Round "4.117"]
[White "Polivanov, Anatoliy"]
[Black "Kuchava, Ana"]
[Result "1/2-1/2"]
[WhiteElo "2383"]
[BlackElo "2149"]
[EventDate "2018.03.17"]
[PlyCount "85"]

1.d4 d5 2.c4 e6 3.Nc3 Be7 4.Qc2 c6 5.Nf3 dxc4 6.e4 b5 7.Be2 Bb7 8.O-O Nf6 
9.b3 b4 10.e5 Nd5 11.Nxd5 cxd5 12.bxc4 dxc4 13.Bxc4 O-O 14.Bd3 h6 15.Be4 
Bxe4 16.Qxe4 Qd5 17.Qxd5 exd5 18.a3 Nc6 19.axb4 Bxb4 20.Ra6 Rfc8 21.Be3 
Ba5 22.Nh4 Bb6 23.Nf5 Rc7 24.Rb1 Rd8 25.Rc1 Rdc8 26.Kf1 Nb4 27.Ne7+ Kf8 
28.Nxc8 Nxa6 29.Nxb6 Rxc1+ 30.Bxc1 axb6 31.Ba3+ Ke8 32.Bd6 h5 33.f3 Kd7 
34.g4 g6 35.Ke2 hxg4 36.fxg4 g5 37.Kd3 Nc7 38.Bxc7 Kxc7 39.Kc3 Kc6 40.Kb4 
Kc7 41.Kb5 Kb7 42.Ka4 Ka6 43.Kb4 1/2-1/2

[Event "19th EUR-ch"]
[Site "Batumi GEO"]
[Date "2018.03.20"]
[Round "4.118"]
[White "Tokranovs, Dmitrijs"]
[Black "Yeritsian, Hayk"]
[Result "0-1"]
[WhiteElo "2375"]
[BlackElo "2149"]
[EventDate "2018.03.17"]
[PlyCount "78"]

1.Nf3 Nf6 2.g3 g6 3.Bg2 Bg7 4.O-O O-O 5.c4 d6 6.Nc3 c6 7.d3 e5 8.Rb1 Re8 
9.Bg5 Nbd7 10.b4 h6 11.Bd2 d5 12.cxd5 cxd5 13.Qc1 Kh7 14.Nb5 Re7 15.Qc2 
Nf8 16.Rfc1 Bf5 17.a4 d4 18.h3 a6 19.Na3 e4 20.Nh4 e3 21.fxe3 dxe3 22.Be1 
Be6 23.b5 Bd5 24.Bb4 Rd7 25.Nc4 Bxg2 26.Kxg2 Nd5 27.Be1 Ne6 28.Nf3 Nd4 29.
Nxd4 Bxd4 30.bxa6 Rxa6 31.Rb5 Rf6 32.Na5 Rc7 33.Nc4 Qd7 34.g4 Nf4+ 35.Kh2 
Qc6 36.Nxe3 Bxe3 37.Qxc6 bxc6 38.Rc4 Re7 39.Rb2 Nxe2 0-1

[Event "19th EUR-ch"]
[Site "Batumi GEO"]
[Date "2018.03.20"]
[Round "4.119"]
[White "Eynullayev, Atilla"]
[Black "Huber, Martin Christian"]
[Result "0-1"]
[WhiteElo "2147"]
[BlackElo "2372"]
[EventDate "2018.03.17"]
[PlyCount "44"]

1.d4 Nf6 2.c4 g6 3.Nc3 Bg7 4.e4 d6 5.Be2 O-O 6.Be3 c6 7.Nf3 e5 8.dxe5 dxe5
9.O-O Qe7 10.Qc2 Nbd7 11.Rfd1 Ng4 12.Bg5 f6 13.Bd2 Nc5 14.h3 Nh6 15.b4 Ne6
16.c5 Nf7 17.Bc4 Nd4 18.Nxd4 exd4 19.Ne2 f5 20.Bf4 d3 21.Qxd3 Bxa1 22.Bd6 
Qf6 0-1

[Event "19th EUR-ch"]
[Site "Batumi GEO"]
[Date "2018.03.20"]
[Round "4.120"]
[White "Torosian, Norayr"]
[Black "Uzunoglu, Efe Kerem"]
[Result "1/2-1/2"]
[WhiteElo "2371"]
[BlackElo "2060"]
[EventDate "2018.03.17"]
[PlyCount "134"]

1.e4 c5 2.Nf3 d6 3.Bb5+ Nd7 4.O-O a6 5.Bd3 Ngf6 6.Re1 g6 7.c3 Bg7 8.Bc2 e5
9.a4 O-O 10.d4 cxd4 11.cxd4 exd4 12.Nxd4 Re8 13.Nc3 d5 14.exd5 Rxe1+ 15.
Qxe1 Nb6 16.Bg5 Nbxd5 17.Rd1 Bg4 18.f3 Nxc3 19.Qxc3 Bd7 20.Bb3 Qf8 21.Qc7 
Qb4 22.Bxf6 Bxf6 23.Bxf7+ Kxf7 24.Qxd7+ Qe7 25.Qd5+ Kg7 26.Ne6+ Kh8 27.b3 
Re8 28.Re1 Qb4 29.Re4 Qb6+ 30.Kf1 Rc8 31.Qd7 Rc1+ 32.Ke2 Qc6 33.Qxc6 Rxc6 
34.g4 Rc2+ 35.Kd1 Rxh2 36.Rf4 Be7 37.Rf7 Ba3 38.Rxb7 h5 39.g5 h4 40.Rb8+ 
Kh7 41.Rb7+ Kh8 42.Rg7 h3 43.Rxg6 Rh1+ 44.Ke2 h2 45.Rh6+ Kg8 46.Kf2 Kf7 
47.Kg2 Re1 48.Nd8+ Ke7 49.Nc6+ Kd7 50.Nb8+ Kc8 51.Kxh2 Kxb8 52.Rxa6 Kc7 
53.Ra7+ Kb6 54.Rf7 Bd6+ 55.Kh3 Rg1 56.f4 Kc5 57.Kh4 Kd5 58.a5 Ke4 59.a6 
Bxf4 60.a7 Bxg5+ 61.Kh5 Ra1 62.Kxg5 Kd5 63.Kf4 Kc6 64.Ke3 Kb6 65.Kd2 Rxa7 
66.Rxa7 Kxa7 67.Kc3 Kb7 1/2-1/2

[Event "19th EUR-ch"]
[Site "Batumi GEO"]
[Date "2018.03.20"]
[Round "4.121"]
[White "Lewtak, Damian"]
[Black "Turan, Asim"]
[Result "1/2-1/2"]
[WhiteElo "2370"]
[BlackElo "2024"]
[EventDate "2018.03.17"]
[PlyCount "59"]

1.c4 e5 2.Nc3 Nf6 3.e3 c6 4.Nf3 e4 5.Nd4 Bc5 6.d3 d5 7.cxd5 cxd5 8.Nb3 Bb6
9.dxe4 dxe4 10.Qxd8+ Kxd8 11.Bc4 Ke7 12.Bd2 Nc6 13.Nd5+ Nxd5 14.Bxd5 Bf5 
15.Bc3 Rad8 16.O-O-O f6 17.a4 a6 18.Bxc6 bxc6 19.Bb4+ Kf7 20.a5 Ba7 21.
Rxd8 Rxd8 22.Nd2 Rb8 23.Bc3 h5 24.Kc2 Ke7 25.Ra1 Kd6 26.Ra4 Kd5 27.Rb4 
Rxb4 28.Bxb4 c5 29.Bc3 Bb8 30.h4 1/2-1/2

[Event "19th EUR-ch"]
[Site "Batumi GEO"]
[Date "2018.03.20"]
[Round "4.122"]
[White "Naqopia, Giorgi"]
[Black "Assaubaeva, Bibisara"]
[Result "0-1"]
[WhiteElo "1849"]
[BlackElo "2369"]
[EventDate "2018.03.17"]
[PlyCount "136"]

1.d4 Nf6 2.Nf3 g6 3.Bg5 Bg7 4.Nbd2 O-O 5.e4 d6 6.Be2 c5 7.c3 cxd4 8.cxd4 
Nc6 9.O-O d5 10.Bxf6 exf6 11.exd5 Nb4 12.d6 Qxd6 13.Nc4 Qd8 14.Qb3 Nd5 15.
Ne3 Be6 16.Bc4 Nxe3 17.fxe3 Bxc4 18.Qxc4 Re8 19.Qd3 Qd5 20.Rfe1 f5 21.Qb3 
Qd7 22.Rad1 a5 23.a4 Ra6 24.g3 Qd6 25.Nd2 Rc6 26.Qd3 Qd5 27.b3 h5 28.Nc4 
h4 29.Qd2 h3 30.Re2 Rce6 31.Qxa5 Qf3 32.Qd2 Bxd4 33.Rf1 Qh5 34.Ree1 Ba7 
35.Qa5 Bb8 36.Qd5 Qg5 37.Rf3 Qe7 38.Qd3 Ba7 39.Qd2 Bc5 40.Qd3 Qc7 41.Rd1 
Qc6 42.Qd5 Qxd5 43.Rxd5 Bxe3+ 44.Nxe3 Rxe3 45.Rxe3 Rxe3 46.Rb5 Re1+ 47.Kf2
Rh1 48.Rxb7 Rxh2+ 49.Kg1 Rg2+ 50.Kh1 Kg7 51.Rb4 Ra2 52.Rf4 Kf6 53.Rf1 Kg5 
54.Rb1 Kg4 55.b4 Kxg3 56.b5 Rxa4 57.b6 Ra8 58.b7 Rb8 59.Rb3+ Kg4 60.Kh2 f4
61.Rb6 g5 62.Rb4 f5 63.Rb3 f3 64.Rb4+ f4 65.Kg1 Kg3 66.Rb3 g4 67.Kh1 h2 
68.Ra3 Rxb7 0-1

[Event "19th EUR-ch"]
[Site "Batumi GEO"]
[Date "2018.03.20"]
[Round "4.123"]
[White "Mirzoyan, David"]
[Black "Lomaia, Diana"]
[Result "1-0"]
[WhiteElo "2350"]
[BlackElo "1742"]
[EventDate "2018.03.17"]
[PlyCount "107"]

1.Nf3 Nf6 2.c4 g6 3.g3 Bg7 4.Bg2 O-O 5.O-O d6 6.d4 Nbd7 7.Nc3 e5 8.e4 c6 
9.h3 Re8 10.Be3 exd4 11.Nxd4 Nc5 12.Qc2 a5 13.Rad1 Qe7 14.Rfe1 Bd7 15.Bf4 
Nh5 16.Nxc6 Bxc6 17.Bxd6 Qe6 18.Bxc5 Qxc4 19.Bd6 a4 20.e5 Bxg2 21.Kxg2 b5 
22.Qe4 Rac8 23.Rd4 Qc6 24.Qxc6 Rxc6 25.g4 Nf6 26.exf6 Rxe1 27.fxg7 Kxg7 
28.Bb4 Re5 29.a3 Rc8 30.Rd7 Rce8 31.Rb7 h5 32.Nxb5 Re2 33.Nd6 Rf8 34.Kf3 
Re6 35.Bc3+ Kg8 36.Ne4 hxg4+ 37.hxg4 Rc8 38.Ng5 Rec6 39.Ne4 Re6 40.g5 Rec6
41.Ra7 Rc4 42.Nd6 Rxc3+ 43.bxc3 Rxc3+ 44.Kf4 Rxa3 45.Ra8+ Kg7 46.Ne8+ Kf8 
47.Nd6+ Ke7 48.Ne4 Ra2 49.Ke5 a3 50.Ra7+ Kf8 51.Kf6 Kg8 52.Ra8+ Kh7 53.
Kxf7 Rxf2+ 54.Nf6+ 1-0

[Event "19th EUR-ch"]
[Site "Batumi GEO"]
[Date "2018.03.20"]
[Round "4.124"]
[White "Martsvalashvili, Ruzvelt"]
[Black "Krykun, Yuriy"]
[Result "0-1"]
[WhiteElo "1671"]
[BlackElo "2340"]
[EventDate "2018.03.17"]
[PlyCount "58"]

1.e4 e5 2.Nf3 Nc6 3.Bb5 a6 4.Bxc6 dxc6 5.O-O f6 6.d4 Bg4 7.c3 Bd6 8.Be3 
Ne7 9.Nbd2 Qd7 10.dxe5 fxe5 11.h3 Be6 12.c4 Ng6 13.Ng5 Bg8 14.c5 Be7 15.
Qc2 O-O-O 16.Rfd1 Qd3 17.Qxd3 Rxd3 18.Kf1 h6 19.Ngf3 Be6 20.a3 Rhd8 21.Ke2
Bf6 22.Rac1 Nf4+ 23.Bxf4 exf4 24.e5 Be7 25.Ne1 R3d5 26.Ne4 Rxe5 27.Rxd8+ 
Kxd8 28.f3 g5 29.Nd3 Rd5 0-1

[Event "19th EUR-ch"]
[Site "Batumi GEO"]
[Date "2018.03.20"]
[Round "4.125"]
[White "Aliev, Ravan"]
[Black "Shamatava, Nikolozi"]
[Result "1-0"]
[WhiteElo "2330"]
[BlackElo "1570"]
[EventDate "2018.03.17"]
[PlyCount "85"]

1.d4 Nf6 2.c4 e6 3.Nc3 Bb4 4.Nf3 O-O 5.Bg5 h6 6.Bxf6 Qxf6 7.Qb3 Bxc3+ 8.
Qxc3 c5 9.g3 cxd4 10.Qxd4 Qe7 11.Qd2 Rd8 12.Bg2 Nc6 13.O-O d5 14.cxd5 exd5
15.Rfe1 Bf5 16.Nd4 Be4 17.Bh3 Qf6 18.Nxc6 bxc6 19.Rac1 Rab8 20.b3 d4 21.
Bg2 Bxg2 22.Kxg2 Qe5 23.Qd3 Rbc8 24.Rc2 c5 25.Rec1 Rd6 26.b4 Rdc6 27.Rc4 
Qd5+ 28.Qf3 Qd6 29.Qe4 a6 30.bxc5 Rxc5 31.Rxc5 Rxc5 32.Rxc5 Qxc5 33.Qa8+ 
Kh7 34.Qxa6 Qd5+ 35.Kg1 g6 36.a4 Qf5 37.Qb5 Qc8 38.a5 h5 39.h4 d3 40.exd3 
Qc1+ 41.Kg2 Qa1 42.a6 Qg7 43.Qb7 1-0

[Event "19th EUR-ch"]
[Site "Batumi GEO"]
[Date "2018.03.20"]
[Round "4.126"]
[White "Danielian, Elina"]
[Black "Nikolaidis, Konstantinos"]
[Result "1-0"]
[WhiteElo "2413"]
[BlackElo "2184"]
[EventDate "2018.03.17"]
[PlyCount "51"]

1.d4 d6 2.e4 Nf6 3.Nc3 g6 4.f4 Bg7 5.Nf3 O-O 6.e5 Nfd7 7.Bc4 Nb6 8.Bd3 
N8d7 9.Be3 c5 10.Qe2 Qc7 11.Nb5 Qb8 12.c4 a6 13.Nc3 cxd4 14.Bxd4 Nc5 15.
Bxc5 dxc5 16.h4 Bg4 17.h5 Rd8 18.hxg6 hxg6 19.Rh4 Qc8 20.O-O-O Bf5 21.g4 
Bxd3 22.Rxd3 Qe6 23.b3 f6 24.Ne4 fxe5 25.Nfg5 Qc6 26.Qh2 1-0

[Event "19th EUR-ch"]
[Site "Batumi GEO"]
[Date "2018.03.20"]
[Round "4.127"]
[White "Belous, Mikhail"]
[Black "Burnett, Andrew"]
[Result "1-0"]
[WhiteElo "2355"]
[BlackElo "2183"]
[EventDate "2018.03.17"]
[PlyCount "87"]

1.d4 Nf6 2.c4 g6 3.f3 Bg7 4.e4 d6 5.Nc3 O-O 6.Be3 Nc6 7.Nge2 a6 8.Qd2 Na5 
9.Nc1 Nd7 10.Nb3 Nxb3 11.axb3 c5 12.dxc5 Nxc5 13.Ra3 Be6 14.Be2 Rc8 15.O-O
f5 16.exf5 gxf5 17.Bd4 Bxd4+ 18.Qxd4 Nd7 19.Nd5 Bf7 20.Rd1 Ne5 21.Kh1 Nc6 
22.Qd2 e6 23.Nc3 d5 24.cxd5 exd5 25.Bd3 Qf6 26.Ne2 Rfe8 27.Ng3 Nd4 28.Qf4 
Re5 29.Qxd4 Re1+ 30.Bf1 Qxd4 31.Rxd4 Be8 32.Kg1 Rc2 33.f4 Bb5 34.b4 Rxb2 
35.Rf3 b6 36.Nxf5 a5 37.bxa5 bxa5 38.Rxd5 a4 39.Rd8+ Kf7 40.Ra8 Bc6 41.
Ra7+ Kf8 42.Rf2 Rbb1 43.Nd4 Be4 44.Nf3 1-0

[Event "19th EUR-ch"]
[Site "Batumi GEO"]
[Date "2018.03.20"]
[Round "4.128"]
[White "Baglan, Esat"]
[Black "Utiatskaja, Irina"]
[Result "1-0"]
[WhiteElo "2341"]
[BlackElo "2165"]
[EventDate "2018.03.17"]
[PlyCount "66"]

1.e4 c5 2.Nf3 d6 3.Nc3 Nf6 4.e5 dxe5 5.Nxe5 a6 6.g3 Nbd7 7.d4 e6 8.Be3 Qc7
9.Qe2 cxd4 10.Bxd4 Bc5 11.Bxc5 Qxc5 12.Nd3 Qc7 13.Bg2 Rb8 14.g4 O-O 15.g5 
Ne8 16.O-O-O b5 17.h4 Nd6 18.h5 Nb6 19.h6 g6 20.Qe5 Ne8 21.Qxc7 Nxc7 22.
Ne5 Bb7 23.Bxb7 Rxb7 24.Nd7 Ra8 25.Nf6+ Kh8 26.Rd6 e5 27.Rhd1 Ne6 28.Nce4 
Rbb8 29.Rc6 Ra7 30.Rdd6 Rab7 31.Nc5 Nd4 32.Rxd4 exd4 33.Nxb7 Rxb7 1-0

[Event "19th EUR-ch"]
[Site "Batumi GEO"]
[Date "2018.03.20"]
[Round "4.129"]
[White "Konaplev, Anton"]
[Black "Eynullayev, Altay"]
[Result "1-0"]
[WhiteElo "2337"]
[BlackElo "2163"]
[EventDate "2018.03.17"]
[PlyCount "103"]

1.d4 Nf6 2.c4 e6 3.Nc3 Bb4 4.e3 O-O 5.Ne2 d5 6.a3 Be7 7.cxd5 exd5 8.Nf4 c6
9.Bd3 Na6 10.O-O Nc7 11.f3 Ne6 12.Nfe2 g6 13.Bd2 Re8 14.b4 Bf8 15.Be1 Bh6 
16.Bf2 Ng7 17.Nf4 Ne6 18.Nxe6 Bxe6 19.b5 Qa5 20.Qe1 Kh8 21.bxc6 bxc6 22.
Ne2 Qa4 23.Qc3 Rab8 24.Rab1 Bf8 25.Bg3 Rxb1 26.Rxb1 Kg8 27.Rb3 Bc8 28.Bc2 
Qc4 29.Qd2 Ba6 30.Bd1 Nd7 31.a4 Nb6 32.a5 Na4 33.Be5 Bb5 34.Rb1 Be7 35.Kf2
f6 36.Bf4 g5 37.Bg3 Qd3 38.Qxd3 Bxd3 39.Rb7 Bb5 40.Bxa4 Bxa4 41.Rxa7 Bb4 
42.a6 Bd2 43.Rb7 Bxe3+ 44.Kf1 Bb5 45.a7 Bxd4 46.Rxb5 Bxa7 47.Rb7 Be3 48.
Bf2 c5 49.Rc7 c4 50.Bxe3 Rxe3 51.Kf2 Re5 52.Nc1 1-0

[Event "19th EUR-ch"]
[Site "Batumi GEO"]
[Date "2018.03.20"]
[Round "4.130"]
[White "Pogosyan, Stefan"]
[Black "Qalagashvili, Pridon"]
[Result "1-0"]
[WhiteElo "2322"]
[BlackElo "2153"]
[EventDate "2018.03.17"]
[PlyCount "101"]

1.d4 c5 2.d5 e5 3.c4 Nf6 4.Nc3 d6 5.e4 g6 6.Be2 Bg7 7.Nf3 O-O 8.O-O Nbd7 
9.Bg5 h6 10.Bd2 Ne8 11.h4 Ndf6 12.Nh2 h5 13.a3 Ng4 14.Nf3 Nc7 15.g3 Bd7 
16.b4 b6 17.Nh2 f5 18.Nxg4 hxg4 19.f3 gxf3 20.Bxf3 f4 21.Bg4 g5 22.Bxd7 
Qxd7 23.hxg5 Qh3 24.Qf3 fxg3 25.Qg2 Qg4 26.Ne2 Rf2 27.Rxf2 gxf2+ 28.Kxf2 
Rf8+ 29.Kg1 Qf3 30.Qxf3 Rxf3 31.Nc1 Ne8 32.Kg2 Rf7 33.Ne2 Bf8 34.Ng3 cxb4 
35.axb4 Rc7 36.Rc1 Kg7 37.Nf5+ Kg6 38.Kg3 Ng7 39.Kg4 Ne8 40.Be3 Rc8 41.Rc2
Rc7 42.Rc1 Rc8 43.Bd2 Rc7 44.b5 Rc8 45.Be3 Rc7 46.Ra1 Rd7 47.Bxb6 axb6 48.
Ra8 Kf7 49.g6+ Kxg6 50.Rxe8 Kf7 51.Rc8 1-0

[Event "19th EUR-ch"]
[Site "Batumi GEO"]
[Date "2018.03.20"]
[Round "4.131"]
[White "Barseghian, Armen Ar."]
[Black "Henseler, Jorgen"]
[Result "1/2-1/2"]
[WhiteElo "2298"]
[BlackElo "2043"]
[EventDate "2018.03.17"]
[PlyCount "98"]

1.d4 Nf6 2.Nf3 g6 3.c4 Bg7 4.Nc3 O-O 5.e4 d6 6.h3 e5 7.d5 Nh5 8.g3 f5 9.
exf5 gxf5 10.Ng5 Qe8 11.c5 Nf6 12.Bc4 Na6 13.cxd6 cxd6 14.Ne6 Bxe6 15.dxe6
Qc6 16.e7+ Qxc4 17.exf8=Q+ Rxf8 18.Qb3 Rc8 19.Bg5 Nb4 20.Qxc4+ Rxc4 21.O-O
Nd3 22.Bxf6 Bxf6 23.Nd5 Kf7 24.Ne3 Rc6 25.Nxf5 Ke6 26.g4 e4 27.Rad1 Bxb2 
28.f3 d5 29.fxe4 dxe4 30.Rd2 Be5 31.Re2 Rc4 32.Rd1 b5 33.Kf1 a5 34.Ng3 Nc5
35.Kg2 b4 36.Rd8 Bxg3 37.Kxg3 a4 38.Rc8 Kd5 39.Rd8+ Ke5 40.Red2 Rc3+ 41.
Kh4 b3 42.axb3 axb3 43.R2d5+ Kf4 44.Rf8+ Ke3 45.Rb8 Kf2 46.Rf8+ Ke2 47.Rb8
Kf2 48.Rf8+ Ke2 49.Rb8 Kf2 1/2-1/2

[Event "19th EUR-ch"]
[Site "Batumi GEO"]
[Date "2018.03.20"]
[Round "4.132"]
[White "Sandu, Mihaela"]
[Black "Ismayilov, Muhammad"]
[Result "1-0"]
[WhiteElo "2289"]
[BlackElo "2021"]
[EventDate "2018.03.17"]
[PlyCount "165"]

1.e4 e6 2.d4 d5 3.Nc3 Bb4 4.e5 c5 5.a3 Bxc3+ 6.bxc3 Qa5 7.Bd2 Ne7 8.a4 
Nbc6 9.Nf3 Bd7 10.Bb5 c4 11.Ng5 h6 12.Qh5 Rf8 13.Nh3 O-O-O 14.Qe2 a6 15.
Bxc6 Bxc6 16.O-O Kb8 17.Nf4 Nc8 18.Nh5 g6 19.Nf6 Rh8 20.Rfb1 Nb6 21.Qe1 
Nxa4 22.Qc1 h5 23.Qa3 Kc8 24.Rb4 b5 25.Qc1 Qc7 26.Qb1 Bb7 27.Raxa4 bxa4 
28.Rxa4 Qc6 29.Ra5 Kb8 30.Bc1 Ka8 31.Ba3 Rb8 32.Bd6 Rbd8 33.Rc5 Rxd6 34.
Rxc6 Rxc6 35.Nd7 Rd8 36.Nc5 Rb8 37.h4 Ka7 38.Qa2 Bc8 39.Qa5 Rcb6 40.Kh2 
Bb7 41.Nd7 Rb5 42.Qa3 Rc8 43.Nc5 Rb6 44.Na4 Rbc6 45.Qb4 Re8 46.f3 Ba8 47.
Kg3 Rb8 48.Qe7+ Rb7 49.Qf8 Rcc7 50.Nc5 Rb6 51.Kf4 Bb7 52.Na4 Rb1 53.Qd8 
Rc6 54.Qd7 Ra1 55.Nc5 Rb6 56.Qe7 a5 57.Qe8 Rc6 58.Qd7 Rb6 59.Kg5 Ra2 60.
Kf6 Rxc2 61.g4 hxg4 62.fxg4 Rxc3 63.Qa4 Rcb3 64.Qxa5+ Ba6 65.h5 Rg3 66.g5 
c3 67.Nxa6 Rxa6 68.Qc7+ Ka8 69.h6 Ra2 70.h7 Rh2 71.Qd8+ Ka7 72.h8=Q Rxh8 
73.Qxh8 Kb6 74.Qc8 Kb5 75.Kxf7 Kb4 76.Kxe6 Kb3 77.Qb7+ Kc2 78.Qxd5 Kd2 79.
Qa5 Kd1 80.Qa1+ Kd2 81.d5 c2 82.d6 Rxg5 83.d7 1-0

[Event "19th EUR-ch"]
[Site "Batumi GEO"]
[Date "2018.03.20"]
[Round "4.133"]
[White "Ahmadzada, Ahmad"]
[Black "Janiashvili, Mariami"]
[Result "1-0"]
[WhiteElo "2283"]
[BlackElo "1987"]
[EventDate "2018.03.17"]
[PlyCount "81"]

1.c4 e6 2.Nf3 Nf6 3.g3 d5 4.Bg2 dxc4 5.Qa4+ Nbd7 6.Qxc4 a6 7.O-O b5 8.Qc2 
c5 9.b3 Bb7 10.Bb2 Be7 11.d3 O-O 12.Nbd2 Qc7 13.Rac1 Rfc8 14.Qb1 Rd8 15.
Qa1 Bf8 16.Rc2 Qb6 17.Rfc1 Nd5 18.a3 N5f6 19.h4 Bd6 20.Bh3 h5 21.Ng5 Qc7 
22.Bg2 Bxg3 23.fxg3 Qxg3 24.Ndf3 Bxf3 25.Nxf3 Ng4 26.e4 Ne3 27.Re2 Nxg2 
28.Rxg2 Qxf3 29.Rxg7+ Kf8 30.Rf1 Qe3+ 31.Kg2 f5 32.Rg3 Qd2+ 33.Rf2 Qa5 34.
exf5 e5 35.Bxe5 Qb6 36.Bg7+ Kf7 37.Bh8 Qc6+ 38.Kh2 Qh6 39.Rg7+ Kf8 40.Rg6 
Qh7 41.Rfg2 1-0

[Event "19th EUR-ch"]
[Site "Batumi GEO"]
[Date "2018.03.20"]
[Round "4.134"]
[White "Simonian, Latush"]
[Black "Paramzina, Anastasya"]
[Result "1-0"]
[WhiteElo "2111"]
[BlackElo "2281"]
[EventDate "2018.03.17"]
[PlyCount "65"]

1.e4 c5 2.Nf3 d6 3.Nc3 a6 4.a4 Nf6 5.g3 g6 6.Bg2 Nc6 7.O-O Bg7 8.d3 O-O 9.
h3 Rb8 10.Be3 b5 11.axb5 axb5 12.e5 dxe5 13.Bxc5 b4 14.Ne2 Nd5 15.Nd2 Rb5 
16.Nb3 Be6 17.d4 Qc8 18.Qd3 Rb7 19.Qa6 Rd8 20.Rfd1 Nb8 21.Qa8 Rb5 22.dxe5 
Nb6 23.Rxd8+ Qxd8 24.Bxb6 Qxb6 25.Ned4 Rxe5 26.Nc6 Rb5 27.Bf1 Bxb2 28.Bxb5
Qxb5 29.Qxb8+ Qxb8 30.Nxb8 Bxb3 31.Rb1 Be5 32.Rxb3 Bxb8 33.c3 1-0

[Event "19th EUR-ch"]
[Site "Batumi GEO"]
[Date "2018.03.20"]
[Round "4.135"]
[White "Melkonyan, Arshak"]
[Black "Tifferet, Shaked"]
[Result "1-0"]
[WhiteElo "2082"]
[BlackElo "2274"]
[EventDate "2018.03.17"]
[PlyCount "42"]

1.e4 e5 2.Nf3 Nc6 3.d4 exd4 4.Nxd4 Nf6 5.Nc3 Bb4 6.Nxc6 bxc6 7.Bd3 d5 8.e5
Ng4 9.Bf4 d4 10.Qf3 dxc3 11.O-O-O Kf8 12.Bf5 cxb2+ 13.Kb1 Qxd1+ 14.Rxd1 
Bxf5 15.h3 Nxf2 16.Qxf2 Be6 17.Bg5 Kg8 18.Qf3 h6 19.Qxc6 Rc8 20.Rd8+ Rxd8 
21.Bxd8 Bf8 1-0

[Event "19th EUR-ch"]
[Site "Batumi GEO"]
[Date "2018.03.20"]
[Round "4.136"]
[White "Mikadze, Miranda"]
[Black "Ahadzade, Kanan"]
[Result "0-1"]
[WhiteElo "2268"]
[BlackElo "1965"]
[EventDate "2018.03.17"]
[PlyCount "126"]

1.d4 d5 2.Bf4 Nf6 3.e3 g6 4.c4 Bg7 5.Nc3 c6 6.Nf3 O-O 7.Rc1 Nh5 8.Bg5 h6 
9.Bh4 Nf6 10.Bd3 Nbd7 11.cxd5 cxd5 12.O-O a6 13.Qb3 e6 14.a4 b6 15.h3 Bb7 
16.Ne5 g5 17.Nxd7 Nxd7 18.Bg3 f5 19.Na2 f4 20.Bh2 Qb8 21.Nb4 Qd6 22.Bb1 a5
23.Nd3 Ba6 24.Qc2 Rac8 25.Qd2 e5 26.dxe5 Nxe5 27.exf4 Nc4 28.Qd1 gxf4 29.
Nxf4 Rxf4 30.Bxf4 Qxf4 31.Qxd5+ Qf7 32.Qd3 Bb7 33.Ba2 Bd5 34.Rfd1 Be6 35.
b3 Rf8 36.Qg3 Ne5 37.Rd6 Kh8 38.Re1 Qe7 39.Rxb6 Bg8 40.Rd1 Qc7 41.Rbd6 Rf5
42.Qe3 Bf8 43.Rxh6+ Bxh6 44.Qxh6+ Qh7 45.Qe3 Qg7 46.Qe4 Qf6 47.f3 Qg5 48.
Kh2 Rf4 49.Qe3 Qf6 50.Kg3 Qh4+ 51.Kh2 Qf6 52.Kg3 Rf5 53.Bb1 Rg5+ 54.Kf2 
Rg7 55.Be4 Be6 56.Rd6 Nf7 57.Rb6 Qb2+ 58.Kf1 Qxg2+ 59.Ke1 Qh1+ 60.Kd2 Rg2+
61.Kd3 Qd1+ 62.Kc3 Qa1+ 63.Kd3 Ne5# 0-1

[Event "19th EUR-ch"]
[Site "Batumi GEO"]
[Date "2018.03.20"]
[Round "4.137"]
[White "Olcum, Ahmet"]
[Black "Trisha, Kanyamarala"]
[Result "1-0"]
[WhiteElo "2257"]
[BlackElo "1956"]
[EventDate "2018.03.17"]
[PlyCount "127"]

1.d4 d5 2.Bf4 Nf6 3.e3 e6 4.Nf3 c5 5.c3 Nc6 6.Nbd2 cxd4 7.exd4 Nh5 8.Be3 
Bd6 9.Ne5 g6 10.Bb5 Qc7 11.Qa4 Bd7 12.Nxd7 Qxd7 13.Nf3 f6 14.O-O O-O 15.
Rfe1 a6 16.Bf1 b5 17.Qc2 Rfc8 18.Rad1 Na5 19.b3 Ng7 20.Bd2 Qc7 21.Qd3 Bf4 
22.Bxf4 Qxf4 23.Nd2 Rc7 24.g3 Qd6 25.Bg2 Rac8 26.Rc1 Nc6 27.Nb1 Nf5 28.
Rcd1 Na5 29.Qe2 Ng7 30.Bh3 Re8 31.Qd2 Nc6 32.Bf1 Rd8 33.a4 bxa4 34.b4 Na7 
35.Qa2 Qc6 36.Rc1 Rdc8 37.c4 Qd7 38.c5 Qc6 39.Nc3 Nb5 40.Qxa4 Nxd4 41.Red1
Nf3+ 42.Kg2 Ne5 43.Qxa6 Rb8 44.Qxc6 Rxc6 45.Rb1 Rc7 46.Rdc1 Ne8 47.f4 Nf7 
48.Re1 Nd8 49.Nxd5 exd5 50.Rxe8+ Kf7 51.Rbe1 Nc6 52.Rxb8 Nxb8 53.Rc1 Nd7 
54.Kf3 Ke6 55.Ke3 Nb8 56.b5 Ra7 57.c6 Kd6 58.Bd3 Re7+ 59.Kd4 Kc7 60.Kxd5 
Re8 61.Kc5 Rd8 62.Bc4 Rd2 63.b6+ Kc8 64.Be6+ 1-0

[Event "19th EUR-ch"]
[Site "Batumi GEO"]
[Date "2018.03.20"]
[Round "4.138"]
[White "Soyunlu, Narmin"]
[Black "Garayev, Kanan"]
[Result "0-1"]
[WhiteElo "2035"]
[BlackElo "2252"]
[EventDate "2018.03.17"]
[PlyCount "92"]

1.d4 Nf6 2.c4 e6 3.Nc3 Bb4 4.g3 O-O 5.Bg2 d5 6.Nf3 Nbd7 7.O-O b6 8.cxd5 
exd5 9.Bg5 Bxc3 10.bxc3 h6 11.Bf4 Bb7 12.Nd2 Re8 13.Re1 Nf8 14.h3 Ng6 15.
Be3 Qd6 16.Nf1 Ne4 17.Qc1 c5 18.Qa3 c4 19.Qxd6 Nxd6 20.Rab1 Ne4 21.Bd2 Bc6
22.f3 Nd6 23.Bh1 f5 24.Kf2 b5 25.Bc1 a5 26.Ba3 b4 27.cxb4 Nb5 28.Bc1 Nc3 
29.Rb2 axb4 30.Rxb4 Rxa2 31.Rb2 Ra1 32.Rc2 Nb5 33.Bb2 Ra2 34.Rec1 f4 35.e3
Bd7 36.gxf4 Bf5 37.Rd2 Bd3 38.Bc3 Ra3 39.Bb4 Rb3 40.Bc5 Bxf1 41.f5 Nh4 42.
Rxf1 Rbxe3 43.f4 Nc3 44.Rc1 Rxh3 45.Rxc3 Rxh1 46.Rcc2 Nxf5 0-1